Analýza medzisektorových väzieb v ekonomike SR

Salvato in:
Dettagli Bibliografici
Autore principale: Hajnovičová, Viera
Natura: Libro
Lingua:slovacco
Pubblicazione: Bratislava Prognostický ústav SAV 2005
Serie:Pracovné materiály č. 6
Soggetti:
Tags: Aggiungi Tag
Nessun Tag, puoi essere il primo ad aggiungerne!!

MARC

LEADER 00000nam$a2200000$$$4500
001 0053000
005 20240223110030.9
022 |a 0862-9137 
041 0 |a slo 
044 |a SK 
245 1 0 |a Analýza medzisektorových väzieb v ekonomike SR  |c Viera Hajnovičová 
264 1 |a Bratislava  |b Prognostický ústav SAV  |c 2005 
300 |a 34 s. 
490 1 |a Pracovné materiály  |v č. 6 
830 0 |a Pracovné materiály  |v č. 6 
610 2 0 |a sektory hospodárske 
610 2 0 |a dôchodky 
610 2 0 |a analýzy 
610 2 0 |a správa verejná 
610 2 0 |a príjmy 
610 2 0 |a výdavky 
610 2 0 |a domácnosti 
610 2 0 |a podnik 
610 2 0 |a spolupráca medzinárodná 
610 2 0 |a politika hospodárska 
610 2 0 |a Slovensko 
100 1 |a Hajnovičová, Viera